000 01334nam a2200313 i 4500
003 EG-GICUC
005 20260310123934.0
008 260310s1964 ua ||||f |||| 00| 0 ara d
040 _a EG-GICUC
_bara
_c EG-GICUC
_d EG-GICUC
_erda
041 _aara
082 0 4 _221
_a349.4551
_bم ح . أ
092 0 4 _221
099 _alaw1 07 349.4551 م ح . أ 1964
100 0 _aمحمد فهيم أمين
_eمؤلف.
245 1 0 _aأحكام النقض العالمية المدنية والجنائية فى نظام العاملين بالقطاع العام :
_bمعلقا عليها في ضوء النصوص القانونية لنظم العاملين بالقطاع العام المتعاقبة /
_cإعداد وتعليق محمد فهيم أمين
264 _aالقاهرة :
_bعالم الكتب ,
_c1964.
300 _a160 صفحة :
_c24 سم
336 _2rda content
_atext
337 _2rda media
_aComputer
338 _2rda carrier
_aOnline Resource
504 _aيشتمل علي ارجاعات ببليوجرافية
504 _aببليوجرافيا:صفحات 154-159
546 _aالنص باللغة العربية
650 1 _aالقانون الإداري
_2qrmak
651 1 _2qrmak
856 4 0 _uhttps://fll.law.cu.edu.eg/fulltext/bks/B07-01661.pdf
905 _a47
942 _2ddc
_n0
_cBK
_e21
999 _c65968
_d65968